[Event "RUS-ch"]
[Site "Elista"]
[Date "1996.??.??"]
[Round "1"]
[White "Khalifman, Alexander"]
[Black "Rashkovsky, Nukhim N"]
[Result "1-0"]
[WhiteElo "2640"]
[BlackElo "2530"]

1.Nf3 c5 2.c4 b6 3.Nc3 Bb7 4.e3 Nf6 5.d4 g6 6.d5 Bg7 7.Bd3 d6 8.O-O O-O 9.e4 e5
10.a3 Bc8 11.b4 Na6 12.Rb1 Ne8 13.Bc2 Bd7 14.Ba4 Rc8 15.Bg5 f6 16.Bd2 Nb8
17.Bxd7 Qxd7 18.Qb3 f5 19.bxc5 dxc5 20.Bc1 h6 21.Nb5 Nd6 22.Nxd6 Qxd6 23.a4 Nd7
24.a5 f4 25.axb6 axb6 26.Bb2 g5 27.Ra1 Bf6 28.Ne1 g4 29.f3 g3 30.h3 b5 31.Nd3 Rb8
32.cxb5 Qb6 33.Qc4 Qxb5 34.Rfc1 Qxc4 35.Rxc4 Rb3 36.Ra3 Rfb8 37.Rxb3 Rxb3
38.Rc3 Rb5 39.Kf1 Be7 40.Rc2 Bd6 41.Ke2 Kf7 42.Kd2 Ke7 43.Bc3 c4 44.Rb2 Rb3
45.Rxb3 cxb3 46.Bb2 Kd8 47.Nc1 Kc7 48.Kc3 Nf8 49.Kxb3 Ng6 50.Nd3 Nh4 51.Ne1 Kd7
52.Kc4 h5 53.Bc3 Bb8 54.Kd3 Bd6 55.Ke2 Kc7 56.Ba5+ Kc8 57.Kf1 Kb7 58.Nd3 Ka6
59.Bb4 Bxb4 60.Nxb4+ Kb6 61.Nc6 Ng6 62.Nd8 Kc7 63.Ne6+ Kd7 64.Ng7 Ke7 65.Ke2 Nh8
66.Kd3 Nf7 67.h4  1-0

[Event "RUS-ch"]
[Site "Elista"]
[Date "1996.??.??"]
[Round "2"]
[White "Ulibin, Mikhail"]
[Black "Khalifman, Alexander"]
[Result "1/2-1/2"]
[WhiteElo "2535"]
[BlackElo "2640"]

1.d4 Nf6 2.c4 c5 3.d5 b5 4.cxb5 a6 5.bxa6 g6 6.Nc3 Bxa6 7.e4 Bxf1 8.Kxf1 d6
9.Nf3 Bg7 10.g3 O-O 11.Kg2 Nbd7 12.Re1 Ra7 13.h3 Qa8 14.Qc2 Rb8 15.Bf4 Nb6
16.b3 Nfd7 17.a4 f5 18.Rad1 Bxc3 19.Qxc3 fxe4 20.Rxe4 e5 21.dxe6 Qxe4 22.Bxd6 Rc8
23.exd7 Rxd7 24.Re1 Qc6 25.Bf4 c4 26.bxc4 Nd5 27.Qe5 Nxf4+ 28.Qxf4 Rf7 29.Qe4 Qxe4
30.Rxe4 Rcf8 31.Re3 Rf5 32.Rc3 Ra5 33.g4 Rxa4 34.Kg3 Ra5 35.Nd2 Rfa8 36.f3 Ra3
37.Rxa3 Rxa3 38.Ne4 Kf7 39.c5 Ke7 40.Kf4 Rd3 41.h4 h6 42.c6 Ra3 43.c7 Kd7
44.g5 hxg5+ 45.Kxg5 Rxf3 46.Kxg6  1/2-1/2

[Event "RUS-ch"]
[Site "Elista"]
[Date "1996.??.??"]
[Round "3"]
[White "Khalifman, Alexander"]
[Black "Ibragimov, Ildar"]
[Result "1/2-1/2"]
[WhiteElo "2640"]
[BlackElo "2545"]

1.e4 e5 2.Nf3 Nc6 3.d4 exd4 4.Nxd4 Bc5 5.Be3 Qf6 6.c3 Qg6 7.Qe2 Nxd4 8.cxd4 Bb4+
9.Bd2 Bxd2+ 10.Nxd2 Ne7 11.O-O-O O-O 12.Qe3  1/2-1/2

[Event "RUS-ch"]
[Site "Elista"]
[Date "1996.??.??"]
[Round "5"]
[White "Khalifman, Alexander"]
[Black "Namgilov, Sogto"]
[Result "1-0"]
[WhiteElo "2640"]
[BlackElo "2495"]

1.d4 Nf6 2.c4 e6 3.Nf3 b6 4.g3 Ba6 5.b3 Bb4+ 6.Bd2 Be7 7.Bg2 c6 8.Bc3 d5
9.Ne5 Nfd7 10.Nxd7 Nxd7 11.Nd2 O-O 12.O-O Rb8 13.Bb2 b5 14.c5 e5 15.dxe5 Nxc5
16.Rc1 Qd7 17.f4 Qg4 18.Bd4 Ne6 19.Bxa7 Ra8 20.Bf2 Bb7 21.e4 Qxd1 22.Rfxd1 Rxa2
23.exd5 cxd5 24.f5 Nd8 25.Nf1 Bg5 26.Rc7 g6 27.h4 Bh6 28.Bc5 Re8 29.Bxd5 Bxd5
30.Rxd5 Ra8 31.g4 Bf4 32.Bd6 h5 33.Rxb5 hxg4 34.Rc4 Bh6 35.Rxg4 Kh7 36.fxg6+ fxg6
37.Ng3 Bg7 38.h5 g5 39.Ne4  1-0

[Event "RUS-ch"]
[Site "Elista"]
[Date "1996.??.??"]
[Round "6"]
[White "Filippov, Valerij"]
[Black "Khalifman, Alexander"]
[Result "1/2-1/2"]
[WhiteElo "2565"]
[BlackElo "2640"]

1.Nf3 g6 2.g3 Bg7 3.d4 c5 4.c3 cxd4 5.cxd4 d5 6.Bg2 Nc6 7.Nc3 e6 8.O-O Nge7
9.Bf4 O-O 10.Qd2 Nf5 11.e3 b6 12.Rfd1 Bb7 13.Rac1 Rc8 14.b3 Qe7 15.g4 Nd6
16.Ne5 Rfd8 17.h3 Na5 18.Bg3 Bf8 19.f3 Nc6 20.h4 Qe8 21.Bf1 f6 22.Nd3 Nf7
23.Qb2 e5 24.Re1 Qd7 25.Qf2 Ba3 26.Rc2 Nb4 27.Nxb4 Bxb4 28.Rec1 Ba3 29.Rd1 Bb4
30.Rdc1 Ba3 31.Rd1 Bb4 32.Rdc1  1/2-1/2

[Event "RUS-ch"]
[Site "Elista"]
[Date "1996.??.??"]
[Round "9"]
[White "Khalifman, Alexander"]
[Black "Sveshnikov, Evgeny"]
[Result "1-0"]
[WhiteElo "2640"]
[BlackElo "2535"]

1.d4 d5 2.c4 e6 3.Nf3 c6 4.g3 Nf6 5.Bg2 dxc4 6.O-O b5 7.a4 Bb7 8.Ne5 Qb6
9.b3 cxb3 10.Qxb3 Nbd7 11.Be3 c5 12.Nxd7 Nxd7 13.d5 bxa4 14.Qxa4 exd5 15.Nc3 d4
16.Nd5 Bxd5 17.Bxd5 Rd8 18.Bf4 Qf6 19.Qb5 Bd6 20.Ra6 Rb8 21.Bb7 Bxf4 22.Rxf6 gxf6
23.gxf4 f5 24.Qc6 Kd8 25.Qd5 Kc7 26.Bc6  1-0

[Event "RUS-ch"]
[Site "Elista"]
[Date "1996.??.??"]
[Round "10"]
[White "Khalifman, Alexander"]
[Black "Rublevsky, Sergei"]
[Result "1-0"]
[WhiteElo "2640"]
[BlackElo "2645"]

1.c4 e5 2.g3 Nf6 3.Bg2 c6 4.d4 Bb4+ 5.Bd2 Bxd2+ 6.Qxd2 d6 7.Nc3 O-O 8.e4 a6
9.Nf3 Bg4 10.O-O Bxf3 11.Bxf3 Nbd7 12.Rfd1 b5 13.cxb5 axb5 14.a3 Qb6 15.b4 exd4
16.Qxd4 Qxd4 17.Rxd4 Ne5 18.Be2 c5 19.Rdd1 cxb4 20.axb4 Rxa1 21.Rxa1 Nc6
22.Nxb5 d5 23.Rc1 Nxb4 24.e5 Ne4 25.Nd4 g6 26.f3 Nd2 27.Rc7 Rb8 28.Kf2 Nc4
29.Bxc4 dxc4 30.f4 Nd3+ 31.Ke3 Nb2 32.Ke4 Ra8 33.f5 gxf5+ 34.Nxf5 h5 35.Nh6+ Kg7
36.Nxf7 Kg6 37.Nd6 Ra4 38.Kd5 Ra5+ 39.Kd4 Ra1 40.Kc3 Na4+ 41.Kb4 c3 42.Kb5 Nb2
43.e6 Re1 44.e7 Re5+ 45.Kb6 Na4+ 46.Ka7  1-0

[Event "Ischia"]
[Site "Ischia"]
[Date "1996.??.??"]
[Round "2"]
[White "Khalifman, Alexander"]
[Black "Romanishin, Oleg M"]
[Result "1-0"]
[WhiteElo "2650"]
[BlackElo "2590"]

1.d4 Nf6 2.c4 e6 3.Nf3 b6 4.e3 Bb7 5.Bd3 Bb4+ 6.Nbd2 O-O 7.O-O c5 8.a3 Bxd2
9.Bxd2 d6 10.b4 Nbd7 11.Bc3 Re8 12.Nd2 Rc8 13.Rc1 Rc7 14.Re1 Nf8 15.a4 Ng6
16.Bf1 Rc8 17.f3 cxb4 18.Bxb4 e5 19.d5 Qc7 20.Rb1 Rb8 21.a5 Nf8 22.Qa4 Red8
23.Qa3 Ne8 24.Rbc1 h5 25.Nb1 Bc8 26.Nc3 Qe7 27.Nb5 a6 28.Nc3 bxa5 29.Qxa5 Bf5
30.e4 Bg6 31.c5 dxc5 32.Bxc5 Qc7 33.Qa3 Nd7 34.Bf2 Nd6 35.Nb1  1-0

[Event "Ischia"]
[Site "Ischia"]
[Date "1996.??.??"]
[Round "6"]
[White "Khalifman, Alexander"]
[Black "Ftacnik, Lubomir"]
[Result "1/2-1/2"]
[WhiteElo "2650"]
[BlackElo "2585"]

1.e4 c5 2.Nf3 d6 3.d4 cxd4 4.Nxd4 Nf6 5.Nc3 a6 6.Be3 Ng4 7.Bg5 h6 8.Bh4 g5
9.Bg3 Bg7 10.Be2 h5 11.Bxg4 Bxg4 12.f3 Bd7 13.Bf2 Nc6 14.Nd5 Rc8 15.O-O Nxd4
16.Bxd4 Bxd4+ 17.Qxd4 f6 18.c3 Be6 19.Kh1 Qa5 20.Rad1 Qc5 21.Qd2 Rg8 22.Qe1 Kf7
23.Rd4 b5 24.Qd1 Rg7 25.a3 Rh8 26.Qd2 Qc8 27.Qe2 Qb7 28.Rd2 Qc8 29.Rd4 Qb7
30.Ne3 Rgg8 31.Qd1 Rc8 32.Qd2  1/2-1/2

[Event "Parnu-A"]
[Site "Parnu"]
[Date "1996.??.??"]
[Round "1"]
[White "Short, Nigel D"]
[Black "Khalifman, Alexander"]
[Result "1/2-1/2"]
[WhiteElo "2665"]
[BlackElo "2650"]

1.e4 c5 2.Nf3 e6 3.d4 cxd4 4.Nxd4 Qb6 5.c3 a6 6.Be2 Qc7 7.f4 Bc5 8.O-O d6
9.Kh1 Nf6 10.Bf3 O-O 11.Qe1 e5 12.Nb3 Ba7 13.Qg3 Nbd7 14.Na3 b5 15.fxe5 dxe5
16.Bh6 Ne8 17.Nc2 Bb7 18.Rae1 Kh8 19.Be3  1/2-1/2

[Event "Parnu-A"]
[Site "Parnu"]
[Date "1996.??.??"]
[Round "2"]
[White "Khalifman, Alexander"]
[Black "Ehlvest, Jaan"]
[Result "1/2-1/2"]
[WhiteElo "2650"]
[BlackElo "2660"]

1.d4 Nf6 2.Nf3 e6 3.c4 d5 4.Nc3 c6 5.Bg5 h6 6.Bxf6 Qxf6 7.e3 Nd7 8.Bd3 dxc4
9.Bxc4 g6 10.O-O Bg7 11.e4 e5 12.d5 Nb6 13.Bb3 Bg4 14.h3 Bxf3 15.Qxf3 Qxf3
16.gxf3 Ke7  1/2-1/2

[Event "Parnu-A"]
[Site "Parnu"]
[Date "1996.??.??"]
[Round "5"]
[White "Khalifman, Alexander"]
[Black "Hracek, Zbynek"]
[Result "1-0"]
[WhiteElo "2650"]
[BlackElo "2650"]

1.e4 e5 2.Nf3 Nc6 3.Bb5 a6 4.Ba4 Nf6 5.O-O Nxe4 6.d4 b5 7.Bb3 d5 8.dxe5 Be6
9.Nbd2 Nc5 10.c3 d4 11.Ng5 dxc3 12.Nxe6 fxe6 13.bxc3 Qd3 14.Bc2 Qxc3 15.Nb3 Rd8
16.Bd2 Rxd2 17.Nxd2 Nxe5 18.Nb3 Ned7 19.Nd4 Bd6 20.Rc1 Qb2 21.Bb3 Nxb3 22.axb3 O-O
23.Rc2 Qa3 24.Nxe6 Qxb3 25.Nxf8 Nxf8 26.Qb1 Qxb1 27.Rxb1 Nd7 28.Rd1 Nc5 29.Rd5 Ne4
30.Rc6  1-0

[Event "Parnu-A"]
[Site "Parnu"]
[Date "1996.??.??"]
[Round "7"]
[White "Ehlvest, Jaan"]
[Black "Khalifman, Alexander"]
[Result "1/2-1/2"]
[WhiteElo "2660"]
[BlackElo "2650"]

1.e4 c6 2.d4 d5 3.e5 Bf5 4.Nf3 e6 5.Be2 c5 6.Be3 Ne7 7.dxc5 Nd7 8.Na3 Nc6
9.Nb5 Nxc5 10.Nfd4 Be4 11.O-O a6 12.Nd6+ Bxd6 13.exd6 Qxd6 14.Nxc6 bxc6 15.f3 Bg6
16.Qd4 Nd7 17.Qxg7 Qe5 18.Qxe5 Nxe5 19.Bd4 f6 20.b3 Nd7 21.Bb2 c5 22.Bd3 Bxd3
23.cxd3 Kf7 24.Rac1 Rhc8  1/2-1/2

[Event "Parnu-A"]
[Site "Parnu"]
[Date "1996.??.??"]
[Round "10"]
[White "Hracek, Zbynek"]
[Black "Khalifman, Alexander"]
[Result "1/2-1/2"]
[WhiteElo "2650"]
[BlackElo "2650"]

1.e4 e5 2.Nf3 Nc6 3.Bb5 a6 4.Ba4 Nf6 5.O-O Be7 6.Re1 b5 7.Bb3 O-O 8.a4 b4
9.c3 d6 10.h3 Rb8 11.d4  1/2-1/2

[Event "St Petersburg-ch"]
[Site "St Petersburg"]
[Date "1996.??.??"]
[Round "1"]
[White "Khalifman, Alexander"]
[Black "Sivokho, Sergey"]
[Result "1-0"]
[WhiteElo "2650"]
[BlackElo "2380"]

1.d4 Nf6 2.Nf3 e6 3.c4 b6 4.Nc3 Bb7 5.a3 d5 6.cxd5 Nxd5 7.e3 g6 8.Bb5+ c6
9.Bd3 Bg7 10.Na4 Nd7 11.e4 Ne7 12.O-O O-O 13.Bg5 Re8 14.Rc1 Qb8 15.Bh4 h6
16.b4 b5 17.Nc5 Nxc5 18.Rxc5 a5 19.Ne5 Qd6 20.Bc2 axb4 21.axb4 Ra3 22.Bg3 Qd8
23.Bf4 Nc8 24.Qc1 Ra6 25.Bxh6 Qxd4 26.Bxg7 Kxg7 27.Rd1 Qxb4 28.Qf4 f5 29.Qg5 Ne7
30.Nxg6 Qxc5 31.Nxe7+ Kf7 32.Qg6+  1-0

[Event "RUS-Cup1 Chigorin mem"]
[Site "St Petersburg"]
[Date "1996.??.??"]
[Round "1"]
[White "Khalifman, Alexander"]
[Black "Kochyev, Alexander"]
[Result "1/2-1/2"]
[WhiteElo "2640"]
[BlackElo "2500"]

1.d4 Nf6 2.c4 e6 3.Nf3 b6 4.e3 Bb7 5.Bd3 d5 6.O-O Bd6 7.b3 O-O 8.Bb2 Ne4
9.Nc3 Nd7 10.Qc2 Nxc3 11.Bxc3 f5 12.cxd5 Bxd5 13.Qe2 Qf6 14.Rac1 Kh8 15.Bb2 e5
16.dxe5  1/2-1/2

[Event "St Petersburg-ch"]
[Site "St Petersburg"]
[Date "1996.??.??"]
[Round "2"]
[White "Sakaev, Konstantin"]
[Black "Khalifman, Alexander"]
[Result "1/2-1/2"]
[WhiteElo "2600"]
[BlackElo "2640"]

1.d4 Nf6 2.c4 c5 3.d5 b5 4.cxb5 a6 5.bxa6 g6 6.Nc3 Bxa6 7.e4 Bxf1 8.Kxf1 d6
9.Nf3 Nbd7 10.h3 Bg7 11.Kg1 O-O 12.Kh2 Qa5 13.Re1 Rfb8 14.Re2 Ne8 15.Rc2 Nb6
16.Rb1 Nc4 17.Nd2 Bxc3 18.Rxc3  1/2-1/2

[Event "RUS-Cup1 Chigorin mem"]
[Site "St Petersburg"]
[Date "1996.??.??"]
[Round "2"]
[White "Shushpanov, Vladimir"]
[Black "Khalifman, Alexander"]
[Result "0-1"]
[WhiteElo "2385"]
[BlackElo "2640"]

1.c4 b6 2.d4 e6 3.Nf3 Bb7 4.Bf4 Bb4+ 5.Nbd2 Nf6 6.e3 O-O 7.Bd3 Nh5 8.Bg3 g6
9.O-O Nxg3 10.hxg3 d5 11.Rc1 Nd7 12.cxd5 exd5 13.Qc2 c5 14.dxc5 bxc5 15.Bb5 Nf6
16.Rfd1 Qb6 17.Bf1 Rac8 18.Nb3 c4 19.Nbd4 Rfe8 20.b3 Ba3 21.Rb1 c3 22.Qd3 Ne4
23.Nc2 Bc5 24.b4 Bf8 25.Qb5 Qc7 26.Bd3 Rb8 27.Qa4 Bg7 28.b5 Qb6 29.Bxe4 Rxe4
30.Qb3 Rc8 31.Rd3 Rec4 32.Nfd4 h5 33.Rc1 Qc7 34.Na3 Qc5 35.Nb1 Bxd4 36.exd4 Rxd4
37.Rdxc3 Rc4 38.a4 Qe7 39.Rd1 Rxc3 40.Nxc3 d4 41.Na2 Qe4 42.f3 Qe5 43.Nb4 Qxg3
44.Nc6 Bxc6 45.bxc6 Rxc6 46.Qb2 Re6 47.Kf1 h4 48.Qxd4 h3 49.Qb2 Kh7 50.Kg1 Re3
51.Rf1 Ra3 52.Qf2 Qxf2+ 53.Rxf2 Ra1+ 54.Kh2 hxg2 55.Kxg2 Rxa4 56.Rc2 Kg7
57.Rc6 a5 58.Ra6 Ra1 59.Kg3 a4 60.Kg2 a3 61.Kg3 a2 62.Kg2 g5 63.Ra3 f5 64.Ra6 f4  0-1

[Event "RUS-Cup1 Chigorin mem"]
[Site "St Petersburg"]
[Date "1996.??.??"]
[Round "4"]
[White "Burmakin, Vladimir"]
[Black "Khalifman, Alexander"]
[Result "1/2-1/2"]
[WhiteElo "2505"]
[BlackElo "2640"]

1.d4 Nf6 2.Nf3 g6 3.c4 Bg7 4.Nc3 d5 5.cxd5 Nxd5 6.e3 O-O 7.Bc4 Nb6 8.Bb3 c5
9.dxc5 Qxd1+ 10.Bxd1 N6d7 11.Na4 Na6 12.c6 bxc6 13.O-O Nac5 14.Bc2 Nxa4 15.Bxa4 Ba6
16.Rd1 Rfd8 17.Nd4 Bxd4 18.exd4 Bb5 19.Bb3 Nb6 20.Bg5 Kf8 21.Be3 Ba4 22.Rdc1 Bxb3
23.axb3 Rdc8 24.Ra6 Nd5 25.Rcxc6 Rxc6 26.Rxc6 Rb8 27.Bh6+ Ke8 28.Rc5 e6 29.Ra5 Rb7
30.Kf1 Ne7 31.Be3 Nf5 32.Ra3 e5 33.dxe5 Nxe3+ 34.fxe3 Ke7 35.Ke2 Ke6 36.Kd3 Kxe5
37.Ra5+ Ke6 38.Kc4 Rd7 39.Kc3 Rc7+ 40.Kd3 Rd7+ 41.Kc3 Rc7+ 42.Kd2 Rd7+ 43.Kc2 Rc7+
44.Kd2 Rd7+ 45.Ke2 Rb7 46.Ra3 f5 47.Kf3 a5  1/2-1/2

[Event "RUS-Cup1 Chigorin mem"]
[Site "St Petersburg"]
[Date "1996.??.??"]
[Round "5"]
[White "Khalifman, Alexander"]
[Black "Vysochin, Spartak"]
[Result "1-0"]
[WhiteElo "2640"]
[BlackElo "2480"]

1.e4 e6 2.d4 d5 3.Nc3 Bb4 4.e5 Ne7 5.a3 Bxc3+ 6.bxc3 c5 7.Nf3 Qc7 8.a4 b6
9.Bb5+ Nec6 10.O-O Ba6 11.c4 dxc4 12.d5 exd5 13.Qxd5 O-O 14.Qe4 h6 15.Ra3 Qd7
16.Ng5 hxg5 17.Rh3 f5 18.Qxc4+ Qf7 19.e6 Qe8 20.e7+ Rf7 21.Bxg5 Nd4 22.Qxd4 cxd4
23.Bxe8 Bxf1 24.Bxf7+ Kxf7 25.Rh8  1-0

[Event "RUS-Cup1 Chigorin mem"]
[Site "St Petersburg"]
[Date "1996.??.??"]
[Round "6"]
[White "Loginov, Valery A"]
[Black "Khalifman, Alexander"]
[Result "0-1"]
[WhiteElo "2525"]
[BlackElo "2640"]

1.Nf3 g6 2.g3 Bg7 3.c4 e5 4.Nc3 Nc6 5.Bg2 f5 6.d3 d6 7.Rb1 Nf6 8.Bg5 h6 9.Bxf6 Qxf6
10.Nd2 O-O 11.b4 Ne7 12.Nd5 Nxd5 13.Bxd5+ Kh8 14.b5 h5 15.Rb3 Bh6 16.e3 Rb8
17.h3 Qe7 18.Qe2 Bd7 19.Bf3 c6 20.a4 a6 21.g4 axb5 22.axb5 cxb5 23.cxb5 Be6
24.Rb1 Ra8 25.gxf5 gxf5 26.Nc4 e4 27.dxe4 fxe4 28.Bxe4 Qh4 29.Nxd6 Ra2 30.Rb2 Ra1+
31.Bb1 Ba2 32.O-O Bd5 33.Bg6 Qg5+  0-1

[Event "St Petersburg-ch"]
[Site "St Petersburg"]
[Date "1996.??.??"]
[Round "11"]
[White "Khalifman, Alexander"]
[Black "Orlov, Vassily"]
[Result "1-0"]
[WhiteElo "2640"]
[BlackElo "2430"]

1.Nf3 Nf6 2.c4 e6 3.Nc3 d5 4.d4 Bb4 5.cxd5 exd5 6.Bg5 c5 7.dxc5 Nc6 8.e3 Bg4
9.Be2 h6 10.Bxf6 Qxf6 11.O-O O-O-O 12.Rc1 Bxc5 13.Nxd5 Qd6 14.Qa4 Be6 15.Nf4 Kb8
16.Nxe6 fxe6 17.Rfd1 Qe7 18.Bb5 Rxd1+ 19.Rxd1 Rc8 20.Qf4+ Ka8 21.Qe4 a6 22.Bc4 e5
23.a3 Ka7 24.h3 Bd6 25.Nh4 Bb8 26.Nf3 Nd8 27.Bd5 Bd6 28.Qd3 Bb8 29.Nd2 Ne6
30.Qf5 Re8 31.Bxe6 Qxe6 32.Qxe6 Rxe6 33.Rc1 Rb6 34.Rc2 Bd6 35.Kf1 Kb8 36.Ke2 Bc7
37.Kd3 Rg6 38.g3 Rf6 39.Ne4 Rb6 40.Nc3 h5 41.Nd5  1-0

[Event "St Petersburg-ch"]
[Site "St Petersburg"]
[Date "1996.??.??"]
[Round "12"]
[White "Epishin, Vladimir"]
[Black "Khalifman, Alexander"]
[Result "1/2-1/2"]
[WhiteElo "2620"]
[BlackElo "2640"]

1.d4 Nf6 2.Nf3 d5 3.c4 dxc4 4.Qa4+ c6 5.Qxc4 Bf5 6.g3 e6 7.Bg2 Nbd7 8.O-O Be7
9.Qb3 Nb6 10.Nc3 O-O 11.Bg5 h6 12.Bxf6 Bxf6 13.Rfd1 Qc7 14.Rac1 Rfd8 15.e3 a5
16.Nb5 Qe7 17.Nc3 Qc7 18.Nb5 Qe7 19.Nc3 Qc7  1/2-1/2

[Event "St Petersburg-ch"]
[Site "St Petersburg"]
[Date "1996.??.??"]
[Round "13"]
[White "Khalifman, Alexander"]
[Black "Nepomnishay, Mikhail I"]
[Result "1-0"]
[WhiteElo "2640"]
[BlackElo "2480"]

1.e4 c5 2.Nf3 d6 3.d4 cxd4 4.Nxd4 Nf6 5.Nc3 a6 6.Be2 e5 7.Nb3 Be7 8.O-O O-O
9.Kh1 Nbd7 10.a4 b6 11.Be3 Bb7 12.f3 Qc7 13.Rf2 Rfd8 14.Bf1 h6 15.Rd2 Bc6
16.Nc1 Nc5 17.N1a2 Nxa4 18.Nxa4 Bxa4 19.Nc3 Bd7 20.Rxa6 Rxa6 21.Bxa6 Be6
22.Qg1 Rb8 23.Bb5 Qb7 24.Qd1 Rd8 25.Bg1 Ra8 26.Na4 Bd7 27.Bxd7 Nxd7 28.Nc3 Qc6
29.Nd5 Bf8 30.Rd3 Ra7 31.g3 Qa8 32.Qe2 Ra1 33.Rd1 Ra2 34.Qb5 Qb7 35.Kg2 Nf6
36.Qb3 Ra6 37.Nxf6+ gxf6 38.Bf2 Qc6 39.c3 Qa8 40.Qd5 Qc8 41.Qb5 Ra2 42.g4 h5
43.h3 hxg4 44.hxg4 Ra5 45.Qxb6 Ra8 46.Qe3 Ra2 47.Rd2 Qc4 48.b4 Ra3 49.Qd3 Qb3
50.b5 Bh6 51.Re2 Kg7 52.b6 Ra1 53.Qc2 Qc4 54.Qb2 Ra5 55.Qc2 Rb5 56.Qa2 Qxc3
57.Rc2 Qb4 58.Rc4 Qb2 59.Rc2 Qb4 60.Rc7 d5 61.exd5 Qd6 62.Rc6 Qd7 63.Qc4 Rb2
64.Qc3 Rd2 65.Qb3 e4 66.b7 Bf4 67.Qc3 exf3+ 68.Qxf3 Be5 69.b8=Q Rxf2+ 70.Kxf2 Bxb8
71.Qxf6+ Kg8 72.Qg5+ Kf8 73.Qf5 Ba7+ 74.Kf3 Qe7 75.Qe4 Qg5 76.Rc7 Bb6 77.Rc6 Ba7
78.d6 Qf6+ 79.Qf5 Qd4 80.Rc8+ Kg7 81.Qg5+ Kh7 82.Qh5+  1-0

[Event "Vienna op"]
[Site "Vienna"]
[Date "1996.??.??"]
[Round "7"]
[White "Khalifman, Alexander"]
[Black "Godena, Michele"]
[Result "1-0"]
[WhiteElo "2640"]
[BlackElo "2550"]

1.c4 e6 2.Nc3 d5 3.d4 c6 4.e4 Bb4 5.Bd3 dxe4 6.Bxe4 Nf6 7.Bc2 c5 8.Nf3 cxd4
9.Nxd4 e5 10.Ba4+ Bd7 11.Ne2 Ne4 12.O-O Bxc3 13.Nxc3 Nxc3 14.bxc3 O-O 15.Bc2 Bc6
16.Qh5 e4 17.Be3 Nd7 18.Bd4 Re8 19.f4 Nf8 20.f5 f6 21.Bb3 Kh8 22.Rae1 e3
23.Re2 Qa5 24.Qf7 Nd7 25.Rf4 Rf8 26.Qh5 Nc5 27.Rh4 h6 28.Qg6 Rae8 29.Rxh6+ gxh6
30.Qxh6+ Kg8 31.Qg6+ Kh8 32.Bxf6+ Rxf6 33.Qxf6+ Kg8 34.Qg6+ Kf8 35.f6 Qc7
36.Qh6+ Kg8 37.Qg5+ Kh7 38.Qxc5 Re5 39.Qf8 Rh5 40.Bc2+  1-0

[Event "Vienna op"]
[Site "Vienna"]
[Date "1996.??.??"]
[Round "8"]
[White "Lutz, Christopher"]
[Black "Khalifman, Alexander"]
[Result "1/2-1/2"]
[WhiteElo "2565"]
[BlackElo "2640"]

1.e4 e5 2.Nf3 Nc6 3.Bb5 a6 4.Ba4 Nf6 5.O-O Be7 6.Re1 b5 7.Bb3 d6 8.c3 O-O
9.h3 Nd7 10.d4 Bf6 11.a4 Bb7 12.Na3 Nb6 13.axb5 axb5 14.d5 Ne7 15.Nh2 Ng6
16.Be3 c6 17.Qd2 Na4 18.Qc2 Nc5 19.dxc6 Bxc6 20.Bd5 Bxd5 21.exd5 Rb8 22.Ng4 Nd7
23.Nxf6+ Nxf6 24.Qd3 Qd7 25.Nc2 Rb7 26.Nb4 Nh5 27.Qd1 Nhf4 28.Bxf4 Nxf4 29.Ra6 Ra7
30.Rxa7 Qxa7 31.Qd2 f5 32.Kh2 h6 33.Qe3 Ra8 34.Qxa7 Rxa7 35.g3 Ng6 36.Kg2 Ne7
37.h4 Kf7 38.Rd1 Kf6 39.Kf3 Nc8 40.Ke2 Nb6 41.Kd3 Na4 42.Kc2 Nc5 43.Rb1 Ra8
44.Nd3 Nxd3 45.Kxd3 e4+ 46.Ke3 Ke5 47.f3 exf3 48.Kxf3 g5 49.hxg5 hxg5 50.g4 f4
51.Re1+ Kxd5 52.Re7 Rh8 53.Rg7 Rh3+ 54.Kf2 Ke4 55.Re7+ Kd3 56.Rd7 Rg3 57.Rxd6+ Kc4
58.Rd4+ Kc5 59.b4+ Kc6 60.c4 bxc4 61.Rxc4+ Kb6 62.Rc5 Rxg4 63.Rf5 Rg3 64.b5 Kc7
65.Kf1 Kd6 66.b6 Kc6 67.Rf6+ Kd5 68.Rf5+ Kc6  1/2-1/2

[Event "Yerevan"]
[Site "Yerevan"]
[Date "1996.??.??"]
[Round "1"]
[White "Khalifman, Alexander"]
[Black "Akopian, Vladimir"]
[Result "1/2-1/2"]
[WhiteElo "2650"]
[BlackElo "2620"]

1.d4 d5 2.c4 c6 3.Nc3 Nf6 4.Nf3 e6 5.Bg5 h6 6.Bxf6 Qxf6 7.e3 Nd7 8.Bd3 dxc4
9.Bxc4 g6 10.O-O Bg7 11.e4 e5 12.d5 Nb6 13.Bb3 Bg4 14.h3 Bxf3 15.Qxf3 Qxf3
16.gxf3 Ke7 17.dxc6 bxc6 18.Rfc1 Rhd8 19.Nd1 Rd6 20.Rc3 a5 21.Ne3 h5 22.Rac1 a4
23.Bd1 Kd7 24.Kf1 Bh6 25.Ke1 Kc7 26.Be2 Kb7 27.R1c2 Ra5 28.a3 Bxe3 29.fxe3 f5
30.Rc5 Rxc5 31.Rxc5 fxe4 32.fxe4 Re6 33.Ra5 Kc7 34.Kd2 Kd6 35.Ra6 Kc5 36.Ra5+ Kd6
37.Ra6 Kc5 38.Ra5+  1/2-1/2

[Event "Yerevan"]
[Site "Yerevan"]
[Date "1996.??.??"]
[Round "3"]
[White "Khalifman, Alexander"]
[Black "Hracek, Zbynek"]
[Result "1/2-1/2"]
[WhiteElo "2650"]
[BlackElo "2650"]

1.e4 c5 2.Nf3 Nc6 3.d4 cxd4 4.Nxd4 Nf6 5.Nc3 d6 6.Bg5 e6 7.Qd2 Be7 8.O-O-O Nxd4
9.Qxd4 a6 10.f4 b5 11.Bxf6 gxf6 12.f5 Qa5 13.Kb1 b4 14.Ne2 e5 15.Qe3 Bb7
16.Ng3 d5 17.Bd3 O-O-O 18.Qe2 h5 19.exd5 h4 20.Ne4 Rxd5 21.Bc4 Rxd1+ 22.Rxd1 Rd8
23.Rd2 Kb8 24.Qe3 Kc7 25.g4 Qb6  1/2-1/2

[Event "Yerevan"]
[Site "Yerevan"]
[Date "1996.??.??"]
[Round "7"]
[White "Khalifman, Alexander"]
[Black "Lputian, Smbat G"]
[Result "0-1"]
[WhiteElo "2650"]
[BlackElo "2580"]

1.d4 e6 2.Nf3 Nf6 3.c4 d5 4.Nc3 Be7 5.Qc2 O-O 6.cxd5 exd5 7.Bg5 Nbd7 8.e3 Re8
9.Bd3 Nf8 10.O-O c6 11.Rae1 Ng4 12.Bxe7 Rxe7 13.b4 Qd6 14.b5 c5 15.e4 c4
16.e5 Qd8 17.Bf5 Bxf5 18.Qxf5 Nh6 19.Qc2 Ne6 20.Rb1 Rd7 21.Ne2 g6 22.Ng3 Kg7
23.Qc3 a6 24.b6 a5 25.Rb5 Ra6 26.Rfb1 Ng8 27.Qe3 Ne7 28.Ng5 Nc6 29.Nxe6+ fxe6
30.Ne2 Qf8 31.Qh3 Re7 32.a3 Ra8 33.Rd1 Rae8 34.Rb2 Rf7 35.Qe3 Qe7 36.f3 Ref8
37.Rbd2 Qd8 38.Rb1 Qh4 39.Nc3 Qf4 40.Qxf4 Rxf4 41.Ne2 R4f7 42.Nc3 Rf4 43.Ne2 R4f7
44.Nc3 g5 45.Rbd1 Kg6 46.Ne2 h5 47.Kf2 g4 48.f4 Rxf4+ 49.Nxf4+ Rxf4+ 50.Ke2 Kf5
51.Rf1 Rxf1 52.Kxf1 Ke4 53.Ke1 c3 54.Rf2 Kd3  0-1

[Event "Yerevan"]
[Site "Yerevan"]
[Date "1996.??.??"]
[Round "8"]
[White "Khalifman, Alexander"]
[Black "Ehlvest, Jaan"]
[Result "1/2-1/2"]
[WhiteElo "2650"]
[BlackElo "2660"]

1.d4 g6 2.e4 Bg7 3.Nf3 d6 4.Nc3 Nf6 5.Be3 Bg4 6.Be2 O-O 7.O-O Nc6 8.Qd2 Re8
9.Rad1 e5 10.dxe5 dxe5 11.Qc1 Qc8 12.h3 Bxf3 13.Bxf3 Rd8 14.Rxd8+ Qxd8 15.Rd1 Qf8
16.Nb5 Qe7 17.c3 a6 18.Na3 h5 19.Nc2 Rd8 20.Na1  1/2-1/2

[Event "Yerevan"]
[Site "Yerevan"]
[Date "1996.??.??"]
[Round "9"]
[White "Svidler, Peter"]
[Black "Khalifman, Alexander"]
[Result "1/2-1/2"]
[WhiteElo "2630"]
[BlackElo "2650"]

1.e4 c5 2.Nf3 d6 3.Nc3 Nc6 4.d4 cxd4 5.Nxd4 Nf6 6.Be2 e5 7.Nf3 h6 8.O-O Be7
9.Re1 O-O 10.h3 Be6 11.Bf1 Qa5 12.Bd2 Qd8 13.Bc1 Qa5 14.Bd2 Qd8 15.Bc1  1/2-1/2

[Event "St Petersburg-ch"]
[Site "St Petersburg"]
[Date "1997.03.08"]
[Round "4"]
[White "Sakaev, Konstantin"]
[Black "Khalifman, Alexander"]
[Result "1/2-1/2"]
[WhiteElo "2580"]
[BlackElo "2650"]

1.d4 d5 2.Nf3 e6 3.c4 dxc4 4.Qa4+ Nd7 5.e4 c5 6.Bxc4 cxd4 7.O-O Qb6 8.Na3 Ne7
9.Nb5 Ng6 10.Nfxd4 Bc5 11.Nf3 O-O 12.b4 Be7 13.Qb3 a6 14.Be3 Qd8 15.Nbd4 Nde5
16.Nxe5 Nxe5 17.Be2 Bd7 18.Rfd1 Qe8 19.b5 axb5 20.Nxb5 Qb8 21.a4 Bc6 22.f3 Ng6
23.Nd4 Bd6 24.g3 Rc8 25.Kg2 Be5 26.Ra2 h5 27.Rb1 Bxd4 28.Bxd4 Qd6 29.Qb4 Qxb4
30.Rxb4 h4 31.a5 hxg3 32.hxg3 Nf8 33.Kf2 Nd7 34.Bc4 Nb8 35.Be2 Na6 36.Rbb2 Rd8
37.Bb6 Rd7 38.Rd2 Nb4 39.Rxd7 Nxa2 40.Rd6 Nb4 41.Bc5 Na6 42.Bxa6 Rxa6 43.Rd8+ Kh7
44.Bb6 e5 45.Ke3 g5 46.Kd3 Bb5+ 47.Kd2 f6 48.Rb8 Bc6 49.Kd3 Bb5+ 50.Kd2 Bc6
51.g4 Kg6 52.Kd3 Bb5+ 53.Ke3 Bc6 54.Kd2 Kh6 55.Rc8 Kg6 56.Kd3 Bb5+ 57.Ke3 Bc6
58.Kd2 Bb5 59.Rc7 Bc6 60.Kd3 Bb5+ 61.Ke3 Bc6 62.Rc8 Ba4 63.Rg8+ Kh6 64.Kd2 Bb5
65.Rb8 Bc6 66.Bd8 Kg6 67.Kc3 Ba4 68.Rxb7 Ra8 69.Be7 Bd1 70.Rb6 Kf7 71.Bxf6 Rxa5
72.Bxg5 Ra3+  1/2-1/2

[Event "St Petersburg-ch"]
[Site "St Petersburg"]
[Date "1997.03.12"]
[Round "7"]
[White "Khalifman, Alexander"]
[Black "Mishuchkov, Nikolai M"]
[Result "1-0"]
[WhiteElo "2650"]
[BlackElo "2395"]

1.Nf3 Nf6 2.c4 c6 3.d4 d5 4.Nc3 a6 5.a4 g6 6.Bf4 Bg7 7.e3 O-O 8.Qb3 b6 9.Be2 e6
10.O-O a5 11.Rfd1 Ba6 12.Rac1 Nbd7 13.cxd5 exd5 14.Bxa6 Rxa6 15.Ne2 Qa8 16.Rc2 Rc8
17.Rdc1 Bf8 18.Ne5 c5 19.Nc3 Ra7 20.Bg3 Be7 21.Nb5 Rb7 22.Qd3 Nxe5 23.dxe5 Nh5
24.Qxd5 Nxg3 25.hxg3 Rd8 26.Qe4 Rbd7 27.Qxa8 Rxa8 28.Kf1 Rad8 29.Ke2 Rd5
30.f4 c4 31.Kf3 Rd2 32.Nd4 Rxc2 33.Rxc2 Rc8 34.Ke4 h5 35.Nb5 Rd8 36.Nd4 Rc8
37.Kf3 Bb4 38.g4 hxg4+ 39.Kxg4 Kg7 40.Kf3 f5 41.exf6+ Kxf6 42.e4 Ke7 43.e5 Kd7
44.Ke4 c3 45.bxc3 Be7 46.c4 Rh8 47.Rd2 Kc7 48.Rd3 Rh1 49.Rh3 Re1+ 50.Kd5 Rd1
51.Rh7 Kd8 52.Ke4 Re1+ 53.Kf3 Kd7 54.f5  1-0